El derecho penal de menores a debate (Registro nro. 159578)
[ vista simple ]
| 000 -LEADER | |
|---|---|
| fixed length control field | 01607ny a22003613n 4500 |
| 008 - FIXED-LENGTH DATA ELEMENTS--GENERAL INFORMATION | |
| fixed length control field | 100624s2010 sp 100 0 spa d |
| 017 ## - | |
| -- | D.L M 22109-2010 |
| 020 ## - INTERNATIONAL STANDARD BOOK NUMBER | |
| International Standard Book Number | 9788498499162 |
| 035 ## - | |
| -- | 5030 |
| 040 ## - CATALOGING SOURCE | |
| Original cataloging agency | UNAV |
| Modifying agency | vLex |
| 080 ## - | |
| -- | 343.22-053.2(460) |
| 090 ## - | |
| -- | 1077 |
| -- | 1077 |
| 111 2# - | |
| -- | Congreso Nacional sobre Justicia Penal Juvenil( |
| -- | 1. |
| -- | 2009. |
| -- | Jaén) |
| 245 13 - TITLE STATEMENT | |
| Title | El derecho penal de menores a debate |
| Medium | [Recurso electrónico] |
| Remainder of title | I Congreso Nacional sobre Justicia Penal Juvenil / |
| Statement of responsibility, etc | directores Ignacio F. Benítez Ortúzar, María José Cruz Blanca ; |
| -- | autores Morillas Cueva, L...[et al.] |
| 256 ## - | |
| -- | Servicio en línea |
| 260 ## - PUBLICATION, DISTRIBUTION, ETC. (IMPRINT) | |
| Place of publication, distribution, etc | Madrid : |
| Name of publisher, distributor, etc | Dykinson, |
| Date of publication, distribution, etc | 2010 |
| 300 ## - PHYSICAL DESCRIPTION | |
| Extent | 442 p. ; |
| Dimensions | 22 cm |
| 490 1# - SERIES STATEMENT | |
| Series statement | Ensayos penales |
| 506 1# - RESTRICTIONS ON ACCESS NOTE | |
| Terms governing access | Contenido solo disponible en los productos indicados |
| Authorized users | vLex Global |
| -- | vLex Global (Academic Edition, excluding Law Schools) |
| -- | vLex Global (U.S. Academic Edition, Law Schools) |
| -- | vLex Global (U.S. Academic Edition, excluding Law Schools) |
| -- | vLex Global (Academic Edition, Law Schools) |
| 650 07 - SUBJECT ADDED ENTRY--TOPICAL TERM | |
| Topical term or geographic name as entry element | Derecho penal |
| Source of heading or term | Tesauro vLex |
| 650 07 - SUBJECT ADDED ENTRY--TOPICAL TERM | |
| Topical term or geographic name as entry element | Menores de edad |
| Source of heading or term | Tesauro vLex |
| 650 07 - SUBJECT ADDED ENTRY--TOPICAL TERM | |
| Topical term or geographic name as entry element | Procesamiento de menores |
| Source of heading or term | Tesauro vLex |
| 650 07 - SUBJECT ADDED ENTRY--TOPICAL TERM | |
| Topical term or geographic name as entry element | Penal |
| Source of heading or term | Tesauro vLex |
| 650 07 - SUBJECT ADDED ENTRY--TOPICAL TERM | |
| Topical term or geographic name as entry element | Menores |
| Source of heading or term | Tesauro vLex |
| 700 1# - ADDED ENTRY--PERSONAL NAME | |
| Personal name | Benítez Ortúzar, Ignacio Francisco, |
| Relator term | dir. |
| 700 1# - ADDED ENTRY--PERSONAL NAME | |
| Personal name | Cruz Blanca, María José, |
| Relator term | dir. |
| 700 1# - ADDED ENTRY--PERSONAL NAME | |
| Personal name | Morillas Cueva, Lorenzo, |
| Relator term | coaut. |
| 740 0# - | |
| -- | vLex Libros (Servicios en línea) |
| 830 #0 - | |
| -- | Ensayos penales (Dykinson) |
| 856 40 - LOCALIZACIÓN Y ACCESO ELECTRÓNICO | |
| Identificador Uniforme del Recurso (URI/URL) | https://app.vlex.com/#/sources/5030 |
| 942 ## - | |
| -- | RAA |
| 999 ## - | |
| -- | 159578 |
| -- | 159578 |
No hay ítems disponibles.